| 000 | 003260000a22001210004500 | ||
|---|---|---|---|
| 100 | 1 | _aGaviria M., Sandra | |
| 245 | 1 | 0 | _aUltimate, vuelo de emociones |
| 300 | _aVol.0, núm.91 (2007), Páginas 48-51 | ||
| 500 | _aEl deporte de Ultimate en Medellín. | ||
| 650 | 1 | 4 | _aDEPORTES-MEDELLÍN |
| 773 | 0 | _tEl eafitense | |
| 942 | _cANA | ||
| 999 |
_c62833 _d62833 |
||